01003nam a2200253 a 450000100100000000500170001000800410002702000150006804000250008308200180010810000370012624501090016326000370027230000270030949000390033650400270037559000270040260000510042965000630048070000300054383000430057395201160061699900170073200002788520240305131438.0110405s2001 dr ac 000 0 spa d a9993483478 aDO-SdBNPbspacBNPHU a920.72bS211C1 aCassá, Roberto, d1948-91088810aMaría Trinidad Sánchez :bla heroína de febrero /cRoberto Cassá ; ilustraciones Ramiro Manzano. aSanto Domingo :bTobogan,c2001. a49 p. :bil. ;c21 cm.1 aBiografías dominicanas Tobogan ; abibliografía : p. 49 aInventariado, 2019/ YL10aSánchez, María Trinidad,d1794-18459465944 aNacionalistaszRepública DominicanavBIOGRAFÍAS9516761 aManzano, Ramiroeil.9768 0aBiografías dominicanas Tobogan.9769 0010718PDaPDbPDcCTd2011-04-05iLF1l0o920.72 S211Cp27885-10r2020-06-25w2020-06-25yLFPDZNo se presta c27377d27377